Movies Quiz

Random Movies or Alphabet Quiz
Score 0/21 Timer 05:00
1 Play Today
% Correct
300
93.1%
21
90.3%
101 Dalmatians (1996)
88.4%
The 40-Year-Old Virgin
87.9%
21 Jump Street
87.7%
22 Jump Street
83.7%
50 First Dates
79%
8 Mile
74.9%
102 Dalmatians
74.9%
12 Years a Slave
70%
1917
66.6%
% Correct
2 Fast 2 Furious
62.6%
27 Dresses
56%
17 Again
53%
300: Rise of an Empire
47%
2012
45.7%
12 Monkeys
45.4%
10,000 B.C.
41.4%
2 Guns
20.8%
47 Ronin
19%
1408
12.1%
Remove Ads.
Support Sporcle.
Get the best of Sporcle when you Go Orange. This ad-free experience offers more features, more stats, and more fun while also helping to support Sporcle. Thank you for becoming a member.

You're not logged in!

Compare scores with friends on all Sporcle quizzes.
OR
Log In

Show Comments

Extras

Top Quizzes Today


Score Distribution

Your Account Isn't Verified!

In order to create a playlist on Sporcle, you need to verify the email address you used during registration. Go to your Sporcle Settings to finish the process.

Report this User

Report this user for behavior that violates our Community Guidelines.

Details: